000 00622nam a22001935i 4500
001 164863
003 ES-MaACL
005 20230906213025.0
008 991117m18891894fr d |||| | fre d
040 _aM-RAJU
_bspa
_cM-RAJU
_dCCPB | B
100 1 _aSay, Léon.
_9104098
245 1 0 _aDictionnaire des Finances /
_cLéon Say, Louis Foyot, A. Lanjalley.
260 _aParis :
_b[s.n.],
_c1889-1894 (
_fBerger-Levrault)
300 _a2 v. ;
_c28 cm.
650 4 _aFinanzas-
_vDiccionarios.
_912871
700 1 0 _aFoyot, Louis.
_9127128
700 1 0 _aLanjalley, A.
_9128676
852 _aES-MaACL
_jB-5363-64
_z-- Enc. pasta
999 _c164863
_d164863